High Court Revision Application No. 2 OF 1998 Clouds 10 LTD Vs Fida Hussein Dharamshi and 3 others (Record no. 4591)

MARC details
000 -LEADER
fixed length control field 00545nam a22001217a 4500
008 - FIXED-LENGTH DATA ELEMENTS--GENERAL INFORMATION
fixed length control field 110706t xxu||||| |||| 00| 0 eng d
010 ## - LIBRARY OF CONGRESS CONTROL NUMBER
LC control number HCROF146
245 ## - TITLE STATEMENT
Title High Court Revision Application No. 2 OF 1998 Clouds 10 LTD Vs Fida Hussein Dharamshi and 3 others
260 ## - PUBLICATION, DISTRIBUTION, ETC. (IMPRINT)
Date of publication, distribution, etc 1998
500 ## - GENERAL NOTE
General note BEFORE: THE HON. JUSTICE E.S. LUGAYIZI
Holdings
Withdrawn status Lost status Source of classification or shelving scheme Damaged status Koha normalized classification for sorting Not for loan Location (home branch) Sublocation or collection (holding branch) Shelving location Date acquired Koha issues (times borrowed) Koha full call number Piece designation (barcode) Koha date last seen Price effective from Koha item type
    Dewey Decimal Classification   HCCROF__146   Law Development Centre Main Library Law Development Centre Main Library Law Reports 07/06/2011   HCCROF_146 2/1998/00001 07/06/2011 07/06/2011 Un Reported Cases
    Dewey Decimal Classification   HCCROF__146   Law Development Centre Main Library Law Development Centre Main Library Law Reports 07/06/2011   HCCROF_146 2/1998/00002 07/06/2011 07/06/2011 Un Reported Cases